[Event "escc2023_65"]
[Site "?"]
[Date "2023.05.28"]
[Round "3.23"]
[White "Gunnarsson, Lennart"]
[Black "Stokes, Michael"]
[Result "0-1"]
[BlackElo "1973"]
[WhiteElo "1724"]
[LiveChessVersion "1.4.8"]

1. d4 {[%clk 1:30:50]} Nf6 {[%clk 1:30:56]} 2. c4 {[%clk 1:31:09]} g6
{[%clk 1:31:22]} 3. Nc3 {[%clk 1:31:28]} Bg7 {[%clk 1:31:48]} 4. e4
{[%clk 1:31:43]} d6 {[%clk 1:32:14]} 5. f3 {[%clk 1:32:01]} a6 {[%clk 1:32:18]}
6. Be3 {[%clk 1:32:06]} O-O {[%clk 1:32:29]} 7. Qd2 {[%clk 1:31:44]} c6
{[%clk 1:32:19]} 8. Bh6 {[%clk 1:24:27]} e5 {[%clk 1:32:15]} 9. Bxg7
{[%clk 1:24:21]} Kxg7 {[%clk 1:32:38]} 10. dxe5 {[%clk 1:22:53]} dxe5
{[%clk 1:33:01]} 11. Qxd8 {[%clk 1:22:00]} Rxd8 {[%clk 1:33:24]} 12. Rd1
{[%clk 1:19:48]} Rxd1+ {[%clk 1:33:49]} 13. Kxd1 {[%clk 1:19:49]} Be6
{[%clk 1:34:12]} 14. Kc2 {[%clk 1:12:44]} Nbd7 {[%clk 1:34:00]} 15. b3
{[%clk 1:04:52]} b5 {[%clk 1:33:58]} 16. cxb5 {[%clk 1:03:00]} cxb5
{[%clk 1:34:00]} 17. Nge2 {[%clk 1:01:39]} Rc8 {[%clk 1:33:35]} 18. Kb2
{[%clk 0:58:37]} Nc5 {[%clk 1:32:42]} 19. Nc1 {[%clk 0:57:07]} b4
{[%clk 1:32:31]} 20. Nb1 {[%clk 0:54:16]} Rd8 {[%clk 1:29:23]} 21. Be2
{[%clk 0:53:35]} Nh5 {[%clk 1:24:43]} 22. Rd1 {[%clk 0:47:21]} Rxd1
{[%clk 1:25:05]} 23. Bxd1 {[%clk 0:47:46]} f5 {[%clk 1:24:36]} 24. Nd2
{[%clk 0:46:30]} Nf6 {[%clk 1:16:47]} 25. Bc2 {[%clk 0:45:10]} Nfd7
{[%clk 1:15:30]} 26. Nd3 {[%clk 0:39:28]} Nxd3+ {[%clk 1:14:23]} 27. Bxd3
{[%clk 0:39:19]} Nc5 {[%clk 1:14:45]} 28. Bc2 {[%clk 0:37:54]} Kf6
{[%clk 1:14:42]} 29. g3 {[%clk 0:28:31]} h5 {[%clk 1:13:42]} 30. h4
{[%clk 0:27:56]} Bd7 {[%clk 1:12:04]} 31. a3 {[%clk 0:24:46]} bxa3+
{[%clk 1:10:20]} 32. Kxa3 {[%clk 0:24:59]} Bb5 {[%clk 1:09:37]} 33. Nc4
{[%clk 0:19:48]} Ne6 {[%clk 1:09:48]} 34. Bd1 {[%clk 0:14:13]} f4
{[%clk 1:08:21]} 35. gxf4 {[%clk 0:12:12]} Nxf4 {[%clk 1:08:42]} 36. Ne3
{[%clk 0:12:19]} g5 {[%clk 1:05:06]} 37. Nf5 {[%clk 0:04:45]} gxh4
{[%clk 1:05:27]} 38. Nxh4 {[%clk 0:04:48]} Kg5 {[%clk 1:05:48]} 39. Nf5
{[%clk 0:04:42]} h4 {[%clk 1:06:06]} 40. Kb4 {[%clk 0:03:54]} Bd7
{[%clk 1:01:13]} 41. Nxh4 {[%clk 0:26:32]} Kxh4 {[%clk 1:31:30]} 42. Kc5
{[%clk 0:26:26]} Bb5 {[%clk 1:28:54]} 43. Kd6 {[%clk 0:25:17]} Ng6
{[%clk 1:29:04]} 44. Ke6 {[%clk 0:23:12]} Kg5 {[%clk 1:29:01]} 45. b4
{[%clk 0:22:38]} Kf4 {[%clk 1:29:12]} 46. Kf6 {[%clk 0:21:43]} Nh4
{[%clk 1:29:27]} 47. Ke6 {[%clk 0:21:38]} Ng2 {[%clk 1:29:41]} 48. Bb3
{[%clk 0:20:07]} Ne1 {[%clk 1:27:21]} 0-1

[Event "escc2023_65"]
[Site "?"]
[Date "2023.05.28"]
[Round "3.24"]
[White "Goli, Daniele"]
[Black "Broeder, Hans-Gert"]
[Result "1-0"]
[BlackElo "1728"]
[WhiteElo "1971"]
[LiveChessVersion "1.4.8"]

1. d4 {[%clk 1:30:30]} d5 {[%clk 1:28:53]} 2. Nf3 {[%clk 1:31:21]} Nf6
{[%clk 1:29:15]} 3. g3 {[%clk 1:31:44]} c6 {[%clk 1:27:31]} 4. Bg2
{[%clk 1:31:59]} Bf5 {[%clk 1:27:13]} 5. O-O {[%clk 1:32:12]} Na6
{[%clk 1:26:00]} 6. Nh4 {[%clk 1:29:12]} Bg6 {[%clk 1:22:50]} 7. Nxg6
{[%clk 1:29:15]} hxg6 {[%clk 1:23:03]} 8. c4 {[%clk 1:29:17]} e6 {[%clk 1:21:43]}
9. Nc3 {[%clk 1:29:01]} Qd7 {[%clk 1:19:38]} 10. Bf4 {[%clk 1:21:28]} Be7
{[%clk 1:17:05]} 11. Qb3 {[%clk 1:20:23]} Nh5 {[%clk 1:12:04]} 12. Be3
{[%clk 1:19:33]} f5 {[%clk 1:11:37]} 13. cxd5 exd5 {[%clk 1:08:58]} 14. Nxd5
{[%clk 1:13:47]} O-O-O {[%clk 0:55:59]} 15. Rac1 {[%clk 1:09:51]} Bd6
{[%clk 0:52:46]} 16. Bg5 {[%clk 1:08:11]} Rde8 {[%clk 0:47:17]} 17. e3
{[%clk 1:07:12]} Kb8 {[%clk 0:44:43]} 18. Nf4 {[%clk 1:05:22]} Nxf4
{[%clk 0:42:30]} 19. Bxf4 {[%clk 1:04:16]} Ka8 {[%clk 0:41:44]} 20. Qa4
{[%clk 1:02:35]} Rc8 {[%clk 0:35:38]} 21. a3 {[%clk 1:00:54]} Bxf4
{[%clk 0:31:35]} 22. gxf4 {[%clk 0:58:51]} Qd6 {[%clk 0:28:36]} 23. Qa5 Qf6
{[%clk 0:23:05]} 24. Qe5 {[%clk 0:56:17]} Qxe5 {[%clk 0:17:05]} 25. fxe5
{[%clk 0:56:36]} Nc7 {[%clk 0:15:09]} 26. Rc5 {[%clk 0:56:20]} Ne6
{[%clk 0:14:01]} 27. Rc4 {[%clk 0:56:35]} Rh4 {[%clk 0:14:02]} 28. Rfc1
{[%clk 0:56:10]} Rch8 {[%clk 0:13:11]} 29. d5 {[%clk 0:56:00]} Rxc4
{[%clk 0:12:18]} 30. Rxc4 {[%clk 0:56:25]} cxd5 {[%clk 0:11:52]} 31. Bxd5
{[%clk 0:56:46]} Ng5 {[%clk 0:11:59]} 32. Rc7 {[%clk 0:57:00]} 1-0